| 000 | 00564 a2200169 4500 | ||
|---|---|---|---|
| 005 | 20190806102640.0 | ||
| 008 | 190527b1977 fr ||||| |||| 00| 0 fre d | ||
| 020 | _a2213005486 | ||
| 040 |
_aCO-BoUCM _bspa _cOscar Ávila (modificó) _dOscar Ávila (modificó) |
||
| 041 | 0 | _afre | |
| 100 | 1 | 0 |
_aGiroud, Francoise _996437 |
| 245 | 1 | 3 |
_aLa comedie du pouvoir _cFrancoise, Giroud |
| 260 |
_bFayard _c1977 _aParis _g1977 |
||
| 651 |
_aFrancia _xPolítica y gobierno _935877 |
||
| 942 |
_cLIBRO _2DEWEY _a6 _e1 _h320.944 _mG528c _n0 |
||
| 999 |
_c312530 _d312530 |
||